000 01036nam a2200301 4500
001 33352
003 BD-RjUL
005 20211209052007.0
008 140507r19661963enk b 001 0 eng d
020 _a0422751200
035 _a(BD-RjUL)33443
040 _aDLC
_cDLC
_dDLC
_dBD-RjUL
_beng
041 _aeng
082 0 0 _a309.212091724
_bCUE 1966
100 1 _aCurle, Adam.
_9101240
245 1 0 _aEducational strategy for developing societies :
_ba study of educational and social factors in relation to economic growth /
_c Adam Curle.
260 _aLondon :
_bTavistock Publications,
_c1963 [Reprinted 1966]
300 _axxi, 180 p. ;
_c22 cm.
350 _a18/-
490 0 _aSocial science paperbacks, SSP66
500 _aDistributed in the U.S.A. by Barnes & Noble.
504 _aBibliography: p. 170-176. and Index
650 0 _aEconomic development
_xSocial aspects.
_98036
650 0 _aEconomic development
_xEffect of education on.
_9101241
942 _2ddc
_cBK
999 _c33352
_d33352